Vista normal
Vista MARC
Entrada Personal Name
Número de registros utilizados en: 1
001 - CONTROL NUMBER
- control field: 9248
003 - CONTROL NUMBER IDENTIFIER
- control field: DLC
005 - DATE AND TIME OF LATEST TRANSACTION
- control field: 20251003090650.0
008 - FIXED-LENGTH DATA ELEMENTS
- fixed length control field: 880726n| acannaab |a aaa
010 ## - LIBRARY OF CONGRESS CONTROL NUMBER
- LC control number: n 88121667
040 ## - CATALOGING SOURCE
- Original cataloging agency: DLC
- Transcribing agency: Mx-PuUPA
- Modifying agency: DLC
- Modifying agency: Mx-PuUPA
- Language of cataloging: spa
- Description conventions: rda
046 ## - SPECIAL CODED DATES
- Birth date: 1953
100 10 - HEADING--PERSONAL NAME
- Personal name: Papazoglou, M.,
- Dates associated with a name: 1953-
372 ## - FIELD OF ACTIVITY
- Field of activity: Computación orientada a servicios
- Field of activity: Computación en la nube
- Field of activity: Gestión de procesos de negocio
- Field of activity: Ciencia del servicio
- Field of activity: Ingeniería de servicios
373 ## - ASSOCIATED GROUP
- Associated group: (ERISS), Universida de
374 ## - OCCUPATION
- Occupation: Profesor & Ejecutivo
- Occupation: Director Europeo
- Occupation: Instituto de Investigación en Ciencias de los Servicios
- Occupation: Autor
375 ## - GENDER
- Gender: hombre
377 ## - ASSOCIATED LANGUAGE
- Language code: eng
400 10 - SEE FROM TRACING--PERSONAL NAME
- Personal name: Papazoglou, Michael P.,
- Dates associated with a name: 1953-
400 10 - SEE FROM TRACING--PERSONAL NAME
- Personal name: Papazoglou, Mike,
- Dates associated with a name: 1953-
670 ## - SOURCE DATA FOUND
- Source citation: His Relational database management, 1988:
- Information found: CIP t.p. (M. Papazoglou) data sheet (b. 1953)
670 ## - SOURCE DATA FOUND
- Source citation: The Next generation of information systems, c1992:
- Information found: CIP t.p. (M.P. Papazoglou) t.p. verso (Michael P. Papazoglou; Queensland Univ. of Tech., Sch. of Info. Systems, Brisbane, Australia) pref. (Mike Papazoglou)
670 ## - SOURCE DATA FOUND
- Source citation: e-Business: organizational and technical foundations, 2006
- Information found: portada (Michael P. Papazoglou)